000
00311nam a2200109Ia 4500
008
171211s9999 xx 000 0 und d
245
_a
How to Design and Write Web Pages Today
245
_c
Karl Stolley
260
_c
2011
650
_x
Web Development
856
_u
http://down.ebook777.com/011/9780313380389.pdf
999
_c
350085
_d
350085